| 000 | 00946cam a22003011 4500 | ||
|---|---|---|---|
| 001 | gs 57000026 | ||
| 003 | DLC | ||
| 005 | 20260227111405.0 | ||
| 008 | 910711s1956 oncab b f000 0 eng | ||
| 010 | _ags 57000026 | ||
| 035 | _a(OCoLC)27791928 | ||
| 040 |
_aDLC _cNAlU _dDLC |
||
| 042 | _apremarc | ||
| 043 | _an-cn--- | ||
| 050 | 0 | 0 |
_aQE185 _b.A4 no. 7 1957 |
| 051 |
_aTN270 _b.C3 1956 _cCopy 2. |
||
| 110 | 2 | _aGeological Survey of Canada | |
| 245 | 1 | 0 |
_aProspecting in Canada, _cby A.H. Lang. |
| 250 | _a3d ed. | ||
| 260 |
_a[Ottawa] _bE. Cloutier, Queen's Printer, _c1956. |
||
| 300 |
_axiii, 401 p. _billus. (part col.) maps, diagrs., tables. _c25 cm. |
||
| 490 | 1 |
_aIts Economic geology series, _vno. 7 |
|
| 504 | _aIncludes bibliographies. | ||
| 650 | 0 | _aProspecting. | |
| 650 | 0 |
_aOre-deposits _zCanada. |
|
| 700 | 1 |
_aLang, Arthur Hamilton, _d1905- |
|
| 810 | 2 |
_aGeological Survey of Canada. _tEconomic geology series, _vno. 7. |
|
| 999 |
_c29117 _d29117 |
||